|
|
|
|
| LEADER |
00000nab a2200000 ar4500 |
| 001 |
vtls009455668 |
| 003 |
SK-MaSNL |
| 005 |
20260417112931.0 |
| 008 |
081216c2008 xo sr|p|||||||000 b|slo |
| 015 |
|
|
|a SNBRB2008/12
|2 snkbucl
|
| 038 |
|
|
|a SNKBUCL
|
| 040 |
|
|
|a SNKBUCL
|b slo
|c SNKBUCL
|e AACR2
|
| 041 |
|
|
|a slo
|
| 044 |
|
|
|a xo
|c SK
|
| 080 |
|
|
|a 33-051
|2 1997
|
| 100 |
1 |
|
|a Mišák, Peter,
|d 1950-
|4 aut
|4 ivr
|9 106471
|
| 245 |
1 |
0 |
|a Zametačmi na vlastnom dvore
|c Peter Mišák, Ladislav Lysák
|
| 300 |
|
|
|b Fotogr.
|
| 600 |
1 |
7 |
|a Lysák, Ladislav,
|d 1933-2026
|2 snkbucl
|9 253419
|
| 700 |
1 |
|
|a Lysák, Ladislav,
|d 1933-2026
|4 aut
|4 ive
|9 253419
|
| 773 |
0 |
|
|t Slovenské národné noviny
|g Roč. 19 (23), č. 23 (2008), s. 5 a 8
|x 0862-8823
|
| 852 |
|
|
|a SNK
|b KIS3GCP
|
| 958 |
|
|
|a BX
|
| 999 |
|
|
|c 2840310
|d 2842240
|